<?xml version="1.0" encoding="UTF-8"?><?xml-stylesheet type="text/xsl" href="static/style.xsl"?><OAI-PMH xmlns="http://www.openarchives.org/OAI/2.0/" xmlns:xsi="http://www.w3.org/2001/XMLSchema-instance" xsi:schemaLocation="http://www.openarchives.org/OAI/2.0/ http://www.openarchives.org/OAI/2.0/OAI-PMH.xsd"><responseDate>2026-06-29T02:43:17Z</responseDate><request verb="GetRecord" identifier="oai:docta.ucm.es:20.500.14352/115616" metadataPrefix="marc">https://docta.ucm.es/rest/oai/request</request><GetRecord><record><header><identifier>oai:docta.ucm.es:20.500.14352/115616</identifier><datestamp>2025-09-16T17:11:15Z</datestamp><setSpec>com_20.500.14352_14</setSpec><setSpec>col_20.500.14352_18</setSpec></header><metadata><record xmlns="http://www.loc.gov/MARC21/slim" xmlns:dcterms="http://purl.org/dc/terms/" xmlns:xsi="http://www.w3.org/2001/XMLSchema-instance" xmlns:doc="http://www.lyncode.com/xoai" xsi:schemaLocation="http://www.loc.gov/MARC21/slim http://www.loc.gov/standards/marcxml/schema/MARC21slim.xsd">
   <leader>00925njm 22002777a 4500</leader>
   <datafield ind2=" " ind1=" " tag="042">
      <subfield code="a">dc</subfield>
   </datafield>
   <datafield ind2=" " ind1=" " tag="720">
      <subfield code="a">Parreño Velasco, José María</subfield>
      <subfield code="e">author</subfield>
   </datafield>
   <datafield ind2=" " ind1=" " tag="260">
      <subfield code="c">2023</subfield>
   </datafield>
   <datafield ind2=" " ind1=" " tag="520">
      <subfield code="a">El decrecimiento se perfila como condición necesaria tanto para la mitigación de las diversas crisis ecosistémicas como para la adaptación a situaciones de menor disponibilidad de recursos energéticos. Sabiendo que decrecer (producir y consumir menos) nos resulta desagradable y amenazador, el texto propone cómo la práctica artística puede ayudarnos a convertir esta situación en aceptable e incluso apetecible. La estilización de la austeridad, el glamour de lo pobre son rasgos que podemos detectar en las vanguardias históricas y promover en la actualidad como moda. Nuestra cosmovisión determina los comportamientos sociales, económicos y políticos, y las artes son uno de los elementos que la configuran.</subfield>
   </datafield>
   <datafield ind1="8" ind2=" " tag="024">
      <subfield code="a">“Decrecer con elegancia”, en Albelda, J., Arribas-Herguedas, F. y Madorran, C. Humanidades ecológicas hacia un humanismo biosférico.  Tirant Lo Blanch. Valencia, 2023.</subfield>
   </datafield>
   <datafield ind1="8" ind2=" " tag="024">
      <subfield code="a">978-84-19825-00-1</subfield>
   </datafield>
   <datafield ind1="8" ind2=" " tag="024">
      <subfield code="a">https://hdl.handle.net/20.500.14352/115616</subfield>
   </datafield>
   <datafield ind1="8" ind2=" " tag="024">
      <subfield code="a">https://editorial.tirant.com/es/libro/humanidades-ecologicas-hacia-un-humanismo-biosferico-jose-albelda-9788419825001</subfield>
   </datafield>
   <datafield ind2="0" ind1="0" tag="245">
      <subfield code="a">Decrecer con elegancia</subfield>
   </datafield>
</record></metadata></record></GetRecord></OAI-PMH>